00345 a2200121 450000100060000010000180000624500330002426000240005709000170008194200220009899900190012095200840013915102 aMacpherson S aSocial policy in third world abHarvester pressc c11853d11853 aNUST-CAEcMc2062 c250175d250175 001040708NFICaCAEbCAEd2017-04-03l0pCAE34253r2017-04-05w2017-04-05yBK